ARRUPE JESUIT UNIVERSITY

CORONAVIRUS -STOP THE SPREAD - CLEAN,DISINFECT,COVER

Truth as gift : (Record no. 120076)

MARC details
000 -LEADER
fixed length control field 03279cam a2200337 a 4500
001 - CONTROL NUMBER
control field 4794664
003 - CONTROL NUMBER IDENTIFIER
control field ARRUPE
005 - DATE AND TIME OF LATEST TRANSACTION
control field 20140218130422.0
008 - FIXED-LENGTH DATA ELEMENTS--GENERAL INFORMATION
fixed length control field 040701s2004 miub b 010 0 eng d
020 ## - INTERNATIONAL STANDARD BOOK NUMBER
International Standard Book Number 0879073047 (pbk.)
035 ## - SYSTEM CONTROL NUMBER
System control number (OCoLC)55798167
035 ## - SYSTEM CONTROL NUMBER
System control number (OCoLC)ocm55798167
035 ## - SYSTEM CONTROL NUMBER
System control number (NNC)4794664
040 ## - CATALOGING SOURCE
Original cataloging agency EXW
Transcribing agency EXW
Modifying agency NNC
050 ## - LIBRARY OF CONGRESS CALL NUMBER
Classification number BX3406.2.T874 2004
300 ## - PHYSICAL DESCRIPTION
Other physical details map ;
Dimensions 22 cm.
245 10 - TITLE STATEMENT
Title Truth as gift :
Remainder of title studies in medieval Cistercian history in honor of John R. Sommerfeldt /
Statement of responsibility, etc edited by Marsha L. Dutton, Daniel M. La Corte and Paul Lockey.
246 30 - VARYING FORM OF TITLE
Title proper/short title Studies in medieval Cistercian history in honor of John R. Sommerfeldt
260 ## - PUBLICATION, DISTRIBUTION, ETC. (IMPRINT)
Place of publication, distribution, etc Kalamazoo, Mich. :
Name of publisher, distributor, etc Cistercian Publications,
Date of publication, distribution, etc c2004.
300 ## - PHYSICAL DESCRIPTION
Extent xxxvi, 588 p. :
490 1# - SERIES STATEMENT
Series statement Cistercian studies series ;
Volume number/sequential designation no. 204
504 ## - BIBLIOGRAPHY, ETC. NOTE
Bibliography, etc Includes bibliographical references.
505 0# - FORMATTED CONTENTS NOTE
Formatted contents note Love's last millennial turn / Bernard McGinn -- Saint Bruno of Cologne and solitude / Giles Constable -- The affiliation of Savigny / Christopher Holdsworth -- 'Et inter abbates de majoribus unus': the abbot of Savigny in the Cistercian constitution, 1147-1243 / Francis R. Swietek and Terrence Deneen -- A little-known Armenian historian of the crusading period: Gregory of the Priest (1136-62) / George Beech -- The saga of the sacred stones: the chapter house of Santa Maria de Ovila / Thomas X. Davis -- A corpus liturgicum Cisterciense saeculi duodecimi: a tribute to John Sommerfeldt / Chrysogonus Waddell -- The forgotten library of the sisters of Egeln: a list of the books of the former Cistercian nuns' abbey Marienstuhl in Egeln near Magdeburg / Cornelia Oefelein -- Reading revolutionary book-lists: the case of les Écharlis / David N. Bell -- Bernard's primigenial anthropology: a genus not fully specified / Luke Anderson -- The Augustinian Bernard of Clairvaux: a reading of De gratia et libero arbitrio / Aage Rydstrøm-Poulsen -- 'Woods and stones' & 'The shade of the trees' in the mysticism of Saint Bernard / Emero Stiegman -- Conflicting Cistercian attitudes toward the Jews / Paul Lockey -- Abbot as Magister and Pater in the thought of Bernard of Clairvaux and Aelred of Rievaulx / Daniel M. La Corte -- A historian's historian: the place of Bede in Aelred's contributions to the new history of his age / Marsha L. Dutton -- Meet Abbot William: an introduction to the life and writings of William of Saint Thierry / M. Basil Pennington -- A bibliography of William of Saint Thierry / F. Tyler Sergent -- Humanist critiques of scholastic theology: continuities in medieval educational reform / Christopher Bellitto -- John Calvin's mysticism and the treatise Against the libertines / Dennis E. Tamburello -- Justification and sanctification in John Calvin and Bernard of Clairvaux / Otto Gründler -- Shadows on the Marian wall: the Cistercians and the development of Marian doctrine / E. Rozanne Elder -- John R. Summerfeldt: curriculum vitae.
600 10 - SUBJECT ADDED ENTRY--PERSONAL NAME
Personal name Sommerfeldt, John R.
9 (RLIN) 8707
610 20 - SUBJECT ADDED ENTRY--CORPORATE NAME
Corporate name or jurisdiction name as entry element Cistercians
General subdivision History.
9 (RLIN) 8708
700 1# - ADDED ENTRY--PERSONAL NAME
Personal name Dutton, Marsha L.
9 (RLIN) 8709
700 1# - ADDED ENTRY--PERSONAL NAME
Personal name La Corte, Daniel M.
Fuller form of name (Daniel Marcel),
Dates associated with a name 1963-
9 (RLIN) 8710
700 1# - ADDED ENTRY--PERSONAL NAME
Personal name Lockey, Paul.
9 (RLIN) 8711
830 #0 - SERIES ADDED ENTRY--UNIFORM TITLE
Uniform title Cistercian studies series ;
Volume number/sequential designation no. 204.
9 (RLIN) 8712
942 ## - ADDED ENTRY ELEMENTS (KOHA)
Source of classification or shelving scheme Library of Congress Classification
Koha item type Monograph ( Printed materials)
Holdings
Withdrawn status Lost status Source of classification or shelving scheme Damaged status Not for loan Home library Current library Shelving location Date acquired Total Checkouts Full call number Barcode Date last seen Price effective from Koha item type
    Library of Congress Classification     ARRUPE LIBRARY ARRUPE LIBRARY Main Collection 18/02/2014   BX3406.2.T874 2004 46500002283 22/11/2017 18/02/2014 Monograph ( Printed materials)

 

Arrupe Library. PO Box MP320 Mt Pleasant, Harare, Zimbabwe
263 242 745411|librarian@aju.ac.zw